| 000 | 00596 a2200181 4500 | ||
|---|---|---|---|
| 003 | NUST | ||
| 038 | _aa | ||
| 082 | _aa | ||
| 100 |
_aOusaid Imtiaz _992562 |
||
| 245 |
_aHome automation and security _cOusaid Imtiaz & Sohaib Sultan |
||
| 260 |
_aIslamabad : _bNUST School of Electrical Engineering & Computer Science, _c2009. |
||
| 300 |
_axiii, 63 p. : _bill. ; _c27 cm + _eCD-ROM |
||
| 500 | _aSupervisors : Mr. Muhammad Bilal, Mr. Yasir Iqbal. | ||
| 563 | _aa | ||
| 700 |
_aSohaib Sultan _992563 |
||
| 856 | _uhttp://10.250.8.41:8080/xmlui/handle/123456789/9193 | ||
| 942 |
_cTHE _kBEE-2 OUS _2ddc |
||
| 999 |
_c10059 _d10059 |
||